SMAP 2017. Proceedings 12th international workshop on semantic and social media adaptation and personalization, July 9-10, 2017 Bratislava, Slovakia /
Gespeichert in:
| Körperschaften: | , |
|---|---|
| Weitere Verfasser: | , |
| Format: | Tagungsbericht Buch |
| Sprache: | Englisch |
| Veröffentlicht: |
[S. l.]
IEEE
2017
|
| Ausgabe: | 1. vyd. |
| Tags: |
Keine Tags, Fügen Sie das erste Tag hinzu!
|
MARC
| LEADER | 00000nam a22000003a 4500 | ||
|---|---|---|---|
| 001 | 0025910 | ||
| 003 | SK-STU | ||
| 005 | 20221207100408.2 | ||
| 007 | ta | ||
| 008 | 170908s ----xo-----e------100-0-----d | ||
| 020 | |a 978-1-5386-0754-1 | ||
| 040 | |a STU |b slo | ||
| 041 | 0 | |a eng | |
| 044 | |a xo | ||
| 110 | 2 | |a Fakulta informatiky a informačných technológií STU |4 aut | |
| 111 | 2 | |a SMAP 2017 |n 12. |d 9. - 10. 7. 2017 |c Bratislava, Slovenská republika |e Semantic and social media adaptation and personalization |4 aut | |
| 245 | 1 | 0 | |a SMAP 2017. Proceedings 12th international workshop on semantic and social media adaptation and personalization, July 9-10, 2017 Bratislava, Slovakia / |c ed. Mária Bieliková, Marián Šimko |
| 250 | |a 1. vyd. | ||
| 260 | |a [S. l.] |b IEEE |c 2017 | ||
| 300 | |a 107 s. | ||
| 700 | 1 | |a Bieliková, Mária, |d 1966- |u 070200 |r Z1 |4 edt |9 50 |U FIIT Fakulta informatiky a informačných technológií |T FIIT Ústav informatiky, informačných systémov a softvérového inžinierstva |X 1871 |U I200 |Y 179 |7 A000001871 | |
| 700 | 1 | |a Šimko, Marián, |d 1983- |u 070200 |r Z1 |4 edt |9 50 |U FIIT Fakulta informatiky a informačných technológií |T FIIT Ústav informatiky, informačných systémov a softvérového inžinierstva |X 30649 |U I200 |Y 179 |7 30649 | |
| 996 | |c I*Z13558 |l II680 |s P |a 0 |w 0025910_0001 | ||
| 996 | |c I*Z13559 |l II680 |s P |a 0 |w 0025910_0002 | ||